Poemas de tu abrupta ternura (Record no. 8933)

MARC details
000 -CABECERA
campo de control de longitud fija 00721nam a2200241 a 4500
001 - NÚMERO DE CONTROL
campo de control BRL_120
005 - FECHA Y HORA DE LA ÚLTIMA TRANSACCIÓN
campo de control 20190320210611.0
008 - DATOS DE LONGITUD FIJA--INFORMACIÓN GENERAL
campo de control de longitud fija 151012s1984----mx-a######---#000-0#spa-u
041 ## - CÓDIGO DE LENGUA
Código de lengua del texto/banda sonora o título independiente spa
044 ## - CÓDIGO DEL PAÍS DE LA ENTIDAD EDITORA/PRODUCTORA
Código MARC del país mx
050 #4 - SIGNATURA TOPOGRÁFICA DE LA BIBLIOTECA DEL CONGRESO
Número de clasificación PQ6174.95
Número de documento/Ítem .G89 1984
100 1# - ENTRADA PRINCIPAL--NOMBRE DE PERSONA
Nombre de persona Guzman, Arturo
9 (RLIN) 22967
245 10 - MENCIÓN DE TÍTULO
Título Poemas de tu abrupta ternura
Mención de responsabilidad, etc. voz literaria Arturo Guzmán ; voz grafica Gilverto Aceves Navarro.
260 ## - PUBLICACIÓN, DISTRIBUCIÓN, ETC.
Lugar de publicación, distribución, etc. México
Nombre del editor, distribuidor, etc. Artypro
Fecha de publicación, distribución, etc. 1984
300 ## - DESCRIPCIÓN FÍSICA
Extensión 1 v. (sin paginación)
Otras características físicas il.
Dimensiones 35 cm.
500 ## - NOTA GENERAL
Nota general Con dedicatoria para Verónica Ortiz
500 ## - NOTA GENERAL
Nota general Con dedicatoria para Ruth Lechuga
500 ## - NOTA GENERAL
Nota general Au155
650 14 - PUNTO DE ACCESO ADICIONAL DE MATERIA--TÉRMINO DE MATERIA
Término de materia o nombre geográfico como elemento de entrada Poesía
9 (RLIN) 17631
700 1# - PUNTO DE ACCESO ADICIONAL--NOMBRE DE PERSONA
Nombre de persona Aceves Navarro, Gilverto
9 (RLIN) 22968
902 ## - CATALOGADOR
Iniciales GRL
942 ## - ELEMENTOS DE PUNTO DE ACCESO ADICIONAL (KOHA)
Fuente del sistema de clasificación o colocación Library of Congress Classification
Tipo de ítem Koha Libros
Holdings
Estado de retiro Estado de pérdida Estado dañado No para préstamo Localización permanente Ubicación/localización actual Fecha de adquisición Número de inventario Total de préstamos Signatura topográfica completa Código de barras Fecha visto por última vez Precio válido a partir de Tipo de ítem Koha
El ejemplar forma parte de la colección y puede ser consultado según las políticas vigentes.       Biblioteca Centro de Estudios Ruth D. Lechuga Biblioteca Centro de Estudios Ruth D. Lechuga 15/10/2012 Au155   PQ6174.95 .G89 1984 (Au155) GRL00132 22/03/2019 22/03/2019 Libros